| 000 | 01041cam a22002651i 4500 | ||
|---|---|---|---|
| 003 | SA-RiAUC | ||
| 005 | 20250511064146.0 | ||
| 008 | 250501s1969 le g b 00010 ara c | ||
| 040 |
_aSA-RiAUC _bara _cSA-RiAUC _erda |
||
| 043 | _ae------ | ||
| 082 | 0 | 4 | _a953 |
| 090 |
_a953 _bش ي ا |
||
| 100 | 1 |
_aالشيال، جمال الدين، _d1911-1967 _eمؤلف. |
|
| 245 | 1 | 2 |
_aالتاريخ الإسلامي وأثره في الفكر التاريخي الأوربي في عصر النهضة / _cجمال الدين الشيال. |
| 264 | 1 |
_aبيروت ؛ _aالقاهرة : _bدار الثقافة، _c1969 |
|
| 300 |
_a133 صفحة ؛ _c24 سم |
||
| 336 |
_aنص _btxt _2rdacontent _3كتاب |
||
| 337 |
_aبدون وسيط _bn _2rdamedia |
||
| 338 |
_aمجلد _bnc _2rdacarrier |
||
| 504 | _aببليوجرافية : صفحة 117-133. | ||
| 650 | 7 |
_aالتاريخ الإسلامي _2aucsh |
|
| 651 | 7 |
_aأوروبا _xتاريخ _yعصر النهضة _2aucsh |
|
| 942 |
_2ddc _cBOOK _n0 |
||
| 949 |
_aSA-JeALM _d250501 _umohamedma123 _n1 |
||
| 999 |
_c7802 _d7802 |
||